| 000 | 02573cam a2200397Ia 4500 | ||
|---|---|---|---|
| 001 | 9780203837580 | ||
| 003 | BD-DhSAU | ||
| 005 | 20151012151723.0 | ||
| 006 | a|||||s||||||||||| | ||
| 007 | cr|||| | ||
| 008 | 110307s2008 nyuad sb 001 0 eng d | ||
| 020 | _a9780203837580 (e-book : PDF) | ||
| 040 |
_aBD-DhSAU _cBD-DhSAU |
||
| 090 |
_aRJ502.5 _b.S36 2008 |
||
| 092 |
_a616.8917 _bS214 |
||
| 100 | 1 | _aSander, Louis W. | |
| 245 | 1 | 0 |
_aLiving systems, evolving consciousness, and the emerging person _h[electronic resource] : _ba selection of papers from the life work of Louis Sander / _cedited by Gherardo Amadei and Ilaria Bianchi. |
| 260 |
_aNew York : _bAnalytic Press, _cc2008. |
||
| 300 |
_axxii, 271 p. : _bill. |
||
| 490 | 1 |
_aPsychoanalytic inquiry book series ; _vv. 26 |
|
| 504 | _aIncludes bibliographical references and indexes. | ||
| 505 | 0 | _a1. Issues in early mother-child interaction -- 2. Adaptive relationships in early mother-child interaction -- 3. The longitudinal course of early mother-child interaction : cross-case comparison in a sample of mother-child pairs -- 4. Infant and caretaking environment : investigation and conceptualization of adaptive behavior in a system of increasing complexity -- 5. Investigation of the infant and its caregiving environment as a biological system -- 6. Investigation of interactive regulation in three infant caretaking systems -- 7. The event-structure of regulation in the neonate-caregiver system as a biological background for early organization of psychic structure -- 8. Paradox and resolution : from the beginning -- 9. Recognition process : context and experience of being known -- 10. Reflections on developmental process : wholeness, specificity, and the organization of conscious experiencing -- 11. Awareness of inner experience : a systems perspective on self-regulatory process in early development -- 12. Thinking differently : principles of process in living systems and the specificity of being known -- 13. Development as creative process. | |
| 530 | _aAlso available in print edition. | ||
| 538 | _aMode of access: World Wide Web. | ||
| 650 | 0 | _aInfant psychiatry. | |
| 650 | 0 | _aInfant psychology. | |
| 650 | 0 | _aMother and infant. | |
| 650 | 0 | _aDevelopmental psychobiology. | |
| 655 | 7 |
_aElectronic books. _2lcsh |
|
| 700 | 1 | _aAmadei, G. | |
| 700 | 1 |
_aBianchi, Ilaria, _d1979- |
|
| 776 | 1 | _z9780881634648 | |
| 776 | 1 | _z0881634646 | |
| 830 | 0 |
_aPsychoanalytic inquiry book series ; _vv. 26. |
|
| 856 | 4 | 0 | _uhttp://www.tandfebooks.com/isbn/9780203837580 |
| 999 |
_c13016 _d13015 |
||